Catálogo
 En Linea

Don Casmurro / : (Registro nro. 1634)

Detalles MARC
000 -CABECERA
campo de control de longitud fija 00616nam a2200193 a 4500
001 - NÚMERO DE CONTROL
campo de control 000001757
005 - FECHA Y HORA DE LA ÚLTIMA TRANSACCIÓN
campo de control 20200929145705.0
008 - DATOS DE LONGITUD FIJA--INFORMACIÓN GENERAL
campo de control de longitud fija 090626s2008 bl a 001 0 spa d
020 ## - NÚMERO INTERNACIONAL ESTÁNDAR DEL LIBRO
Número Internacional Estándar del Libro 9788576311409
040 ## - FUENTE DE LA CATALOGACIÓN
Centro catalogador/agencia de origen DO-SdBNP
082 ## - NÚMERO DE LA CLASIFICACIÓN DECIMAL DEWEY
Número de clasificación xxxx
Número de documento/Ítem A848c
100 1# - ENTRADA PRINCIPAL--NOMBRE DE PERSONA
Nombre de persona Assis, Machado de
9 (RLIN) 5712
245 10 - MENCIÓN DE TÍTULO
Título Don Casmurro / :
Resto del título Machado de Assis ; tradución Nicolás Extremera Tapia.
260 ## - PUBLICACIÓN, DISTRIBUCIÓN, ETC.
Lugar de publicación, distribución, etc. Brazília :
Nombre del editor, distribuidor, etc. Fundacão Alexandre de Gusmão,
Fecha de publicación, distribución, etc. 2008.
300 ## - DESCRIPCIÓN FÍSICA
Extensión 868 p. :
Otras características físicas il. ;
Dimensiones 23 cm.
500 ## - NOTA GENERAL
Nota general Incluye índice
504 ## - NOTA DE BIBLIOGRAFÍA, ETC.
Nota de bibliografía, etc. Incluye notas al pie de las páginas
700 1# - PUNTO DE ACCESO ADICIONAL--NOMBRE DE PERSONA
Nombre de persona Extremera Tapia, Nicolás
Término indicativo de función/relación tr.
9 (RLIN) 5713
Existencias
Estado de retiro Estado de pérdida Restricciones de uso No para préstamo Código de colección Localización permanente Ubicación/localización actual Ubicación en estantería Fecha de adquisición Número de inventario Total de préstamos Signatura topográfica completa Código de barras Fecha visto por última vez Precio válido a partir de Tipo de ítem Koha
        Monografías: Libros y Folletos General General En catalogación 26.06.2009 LF1   xxxx A848c 1757-10 25.06.2020 25.06.2020 Préstamo en sala

Con tecnología Koha